00422cam a2200169ua 45000010005000000080039000050200018000440400009000620820011000711000025000822450043001072500009001502600034001593000017001936530014002106530028002241706110716n ii |||gr||||Z||||||eng a81-85813-13-2 cMAIN a339.46 aBhaskar, G,eAuthor.1 aTrends in rural povertycby G. Bhaskar a1st. ajaipur:bRBSA publishers,994. a136p:c23cm. aEconomics aTrends in rural poverty